The Town and Country Planning (Environmental Impact Assessment) (Scotland) Regulations 2011 (Record no. 112392)

MARC details
000 -LEADER
fixed length control field 01219cad a22002655a 4500
001 - CONTROL NUMBER
control field E153140
008 - FIXED-LENGTH DATA ELEMENTS--GENERAL INFORMATION
fixed length control field 110614s2011 stk f s000 0 eng d
020 ## - INTERNATIONAL STANDARD BOOK NUMBER
International Standard Book Number 9781780452227
022 1# - INTERNATIONAL STANDARD SERIAL NUMBER
International Standard Serial Number 0141-514X
035 ## - SYSTEM CONTROL NUMBER
System control number (Sirsi) u153140
041 0# - LANGUAGE CODE
Language code of text/sound track or separate title eng
050 04 - LIBRARY OF CONGRESS CALL NUMBER
Classification number 711.1 $2 18
110 2# - MAIN ENTRY--CORPORATE NAME
Corporate name or jurisdiction name as entry element Scotland
Subordinate unit Scottish Government
9 (RLIN) 5344
245 04 - TITLE STATEMENT
Title The Town and Country Planning (Environmental Impact Assessment) (Scotland) Regulations 2011
Remainder of title planning circular 3 2011
Medium [electronic resource]
260 ## - PUBLICATION, DISTRIBUTION, ETC.
Place of publication, distribution, etc. Edinburgh
Name of publisher, distributor, etc. Scottish Government
Date of publication, distribution, etc. 2011
490 #0 - SERIES STATEMENT
Series statement Planning Circular
Volume/sequential designation (3/2011)
520 ## - SUMMARY, ETC.
Summary, etc. Offers guidance on the provisions of the Town and Country Planning (Environmental Impact Assessment) (Scotland) Regulations 2011, which introduce the EIA Directive into the planning system in Scotland.
521 ## - TARGET AUDIENCE NOTE
Target audience note Advanced
590 ## - LOCAL NOTE (RLIN)
Local note KA
650 14 - SUBJECT ADDED ENTRY--TOPICAL TERM
Topical term or geographic name entry element TOWN AND COUNTRY PLANNING (ENVIRONMENTAL IMPACT ASSESSMENT) (SCOTLAND) REGULATIONS 2011
651 #4 - SUBJECT ADDED ENTRY--GEOGRAPHIC NAME
Geographic name Scotland
Chronological subdivision 1999-
690 ## - LOCAL SUBJECT ADDED ENTRY--TOPICAL TERM (OCLC, RLIN)
Topical term or geographic name as entry element ENVIRONMENTAL AND LAND CONSULTANCY-PLANNING AND DEVELOPMENT-PLANNING GUIDANCE
856 40 - ELECTRONIC LOCATION AND ACCESS
Uniform Resource Identifier <a href="https://www.scotland.gov.uk/Publications/2011/06/01084419/10">https://www.scotland.gov.uk/Publications/2011/06/01084419/10</a>
Public note View the circular free of charge at www.scotland.gov.uk...
942 ## - ADDED ENTRY ELEMENTS (KOHA)
Suppress in OPAC 0
Holdings
Withdrawn status Lost status Source of classification or shelving scheme Damaged status Not for loan Home library Current library Shelving location Date acquired Total Checkouts Full call number Barcode Date last seen Copy number Price effective from Koha item type
    Dewey Decimal Classification     Virtual Virtual Online 14/06/2011   ONLINE PUBLICATION 153140-1001 06/08/2019 1 06/08/2019 Book